Missing Word: Missing Bird Quiz Stats

Quiz Updated Nov 18, 2015

Challenge
Share
Tweet
Embed
Score 0/16 Timer 02:00
0 Plays Today
Phrase Bird % Correct
Wild _____ chaseGoose
95.9%
Lame ____Duck
94.5%
Night ___Owl
93.5%
Proud as a _______Peacock
92.4%
As the ____ fliesCrow
89.1%
Dead as the ____Dodo
87.2%
Stool ______Pigeon
86.4%
March of the _______Penguins
85.1%
Phrase Bird % Correct
Tastes like _______Chicken
84.9%
____ songSwan
82.5%
______ clockCuckoo
80.8%
Happy as a ____Lark
76.7%
Crazy as a ____Loon
73.4%
___ walkJay
72.7%
War ____Hawk
66.5%
As scarce as ___ teethHen's
52.7%

Today's Daily Dose

Word Ladder
'90s Movies

Quick Pick
'Fire' Movies

On This Day
June 19th II

You're not logged in!

Compare scores with friends on all Sporcle quizzes.
Join for Free
OR
Log In

You Might Also Like...

Show Comments

Extras

Top Quizzes Today


Score Distribution

Your Account Isn't Verified!

In order to create a playlist on Sporcle, you need to verify the email address you used during registration. Go to your Sporcle Settings to finish the process.

Report this User

Report this user for behavior that violates our Community Guidelines.

Details: